header

The Tobin tax (Record no. 5058)

MARC details
000 -LEADER
fixed length control field 01337nam a2200349Ia 4500
082 04 - DEWEY DECIMAL CLASSIFICATION NUMBER
Classification number 332.4/5
100 1# - MAIN ENTRY--AUTHOR NAME
Personal name Haq, Mahbub ul,
245 14 - TITLE STATEMENT
Title The Tobin tax
260 ## - PUBLICATION, DISTRIBUTION, ETC. (IMPRINT)
Place of publication New York :
Name of publisher Oxford University Press,
Year of publication c1996.
300 ## - PHYSICAL DESCRIPTION
Number of Pages xviii, 318 p.
650 #0 - SUBJECT ADDED ENTRY--TOPICAL TERM
Topical Term Foreign exchange futures
700 1# - ADDED ENTRY--PERSONAL NAME
Personal name Grunberg, Isabelle.
Personal name Kaul, Inge.
856 40 - ELECTRONIC LOCATION AND ACCESS
Uniform Resource Identifier http://site.ebrary.com/lib/rucke/Doc?id=10278634

No items available.

© 2026 Rongo University
Contact us: librarian | system librarian | Rongo university